00000000nam##2200000za#4500
0019.571634
003CaOODSP
00520211126112844
007cr |||||||||||
008150406|1995||||xxc|||||o    f|0| 0 eng|d
022 |a1701-9397
040 |aCaOODSP|beng
043 |an-cn---
0861 |aFB3-2/95-3E-PDF
1102 |aBank of Canada.
24510|aEmpirical evidence on the cost of adjustment and dynamic labour demand / |h[electronic resource]|cby Robert A. Amano.
260 |aOttawa - Ontario : |bBank of Canada |cMay 1995.
300 |a39p.|bgraphs, references, tables
4901 |aBank of Canada working paper|x1701-9397|v95-3
500 |a"The author uses a linear-quadratic model and attempts to estimate the relative adjustment costs of labour demand as well as its rate of adjustment towards long-run equilibrium. In contrast to others who have examined the dynamic behaviour of labour demand, the author estimates the structural parameters using the Euler equation and employs a limited-information approach that does not require an explicit solution for the model's control variables in terms of the forcing processes."--Abstract.
500 |aThe ISBN (0-662-23484-7) and ISSN (1192-5434) for the print edition have been incorrectly copied in this electronic publication.
5203 |aThe author uses a linear-quadratic model and attempts to estimate the relative adjustment costs of labour demand as well as its rate of adjustment towards long-run equilibrium. In contrast to others who have examined the dynamic behaviour of labour demand, the author estimates the structural parameters using the Euler equation and employs a limited-information approach that does not require an explicit solution for the model's control variables in terms of the forcing processes.--Abstract
546 |aRésumé en français.
590 |a11-19-Supp|b2011-09-23
69007|aLabour market|2gcpds
7201 |aAmano, Robert A.
7760#|tEmpirical evidence on the cost of adjustment and dynamic labour demand / |w(CaOODSP)9.612244
830#0|aWorking paper (Bank of Canada)|x1701-9397|v95-3|w(CaOODSP)9.504604
85640|ahttp://publications.gc.ca|qPDF|s90 KB|uhttps://publications.gc.ca/collections/Collection/FB3-2-95-3E.pdf|y95-3